000 00800nab a2200229u 4500
001 22888
003 HDC
007 c| |||a|c|aaaa
008 210310b20111009my ||||o |||| 00| 0 eng d
040 _aHDC
100 _aThibauld Malterre /
_eauthor
_919630
245 0 _aFrance: State is not 'Halal': resentful immigrants turn to Islam in France /
_cThibauld Malterre
336 _atext
_2rdacontent
337 _acomputer
_2rdamedia
338 _aonline resource
_2rdacarrier
650 _aFrance's immigrant suburbs
_919632
650 _ahalal lunch
_919631
856 _zRequest full-text at [email protected]
942 _2lcc
942 _cNEWS
942 _kNWS0 005070
999 _c20204
_d20204